ブルーアーカイブ メインストーリー各章のタイトル - Statistics

General Stats
  • This quiz has been taken 7 times
  • The average score is 6 of 10
Answer Stats
Answer % Correct
Vol.3 {エデン条約}編
100%
Ex. {デカグラマトン}編
83%
Vol.1 {対策委員会}編
83%
Final. {あまねく奇跡の始発点}編
67%
Vol.5 {百花繚乱}編
67%
Ex. {ロア追跡}編
50%
Vol.0 {連邦生徒会}編
50%
Vol.4 {カルバノグの兎}編
50%
Vol.2 {時計じかけの花のパヴァーヌ}編
33%
Vol.6 {過ぎ去りし刻のオラトリオ}編
33%
No matching quizzes found
Score Distribution
Percent of People with Each Score
Percentile by Number Answered
Your Score History
You have not taken this quiz